Superodpočet - štátna podpora financovania podnikového výskumu a vývoja alebo daňová pasca?
Obsahové vymedzenie pojmu superodpočet nákladov na výskum a vývoj. Skúsenosti so superodpočtom v Českej republike. Superodpočet v číslach-zhodnotenie sily vládneho nástroja na podporu súkromných investícií do výskumu a vývoja.
Na minha lista:
| Autor principal: | |
|---|---|
| Formato: | Capítulo de Livro |
| Idioma: | eslovaco |
| Assuntos: | |
| Tags: |
Sem tags, seja o primeiro a adicionar uma tag!
|
MARC
| LEADER | 00000naa a2200000 4500 | ||
|---|---|---|---|
| 001 | 0259728 | ||
| 005 | 20221104111447.8 | ||
| 041 | 0 | |a slo | |
| 044 | |a SK | ||
| 245 | 1 | 0 | |a Superodpočet - štátna podpora financovania podnikového výskumu a vývoja alebo daňová pasca? |c Jana Šnircová |
| 520 | |a Obsahové vymedzenie pojmu superodpočet nákladov na výskum a vývoj. Skúsenosti so superodpočtom v Českej republike. Superodpočet v číslach-zhodnotenie sily vládneho nástroja na podporu súkromných investícií do výskumu a vývoja. | ||
| 610 | 2 | 0 | |a podpora štátna |
| 610 | 2 | 0 | |a podpora vedy a výskumu |
| 610 | 2 | 0 | |a daňovníci |
| 610 | 2 | 0 | |a podnikanie |
| 610 | 2 | 0 | |a odpočet dane |
| 610 | 2 | 0 | |a výdavky daňové |
| 610 | 2 | 0 | |a stimuly ekonomické |
| 610 | 2 | 0 | |a Slovensko |
| 610 | 2 | 0 | |a Česko |
| 610 | 2 | 0 | |a úľavy daňové |
| 100 | 1 | |a Šnircová, Jana, 1971- | |